| 000 | 00735nam a2200229 i 4500 | ||
|---|---|---|---|
| 001 | 107564 | ||
| 003 | ES-MaACL | ||
| 005 | 20250725062537.0 | ||
| 007 | t| | ||
| 008 | 061121s1953 xxu r ||||1| eng d | ||
| 100 | 1 |
_aMorse, Philip M. _983703 |
|
| 245 | 1 | 0 |
_aMethods of theoretical physics / _cPhilip M. Morse, Herman Feshbach. |
| 260 |
_aNew York : _bMcGraw-Hill, _c1953. |
||
| 300 |
_a1 v. : _bil. ; _c24 cm. |
||
| 490 | 1 | _aInternational series in pure and applied physics | |
| 505 | 8 | _aContiene: vol. 1 | |
| 650 | 0 | 7 |
_aFĂsica _2embne _912877 |
| 700 | 1 |
_aFeshbach, Herman. _950620 |
|
| 830 | 0 |
_aInternational series in pure and applied physics _9187373 |
|
| 852 |
_aES-MaACL _jP-204 _bR.93381 |
||
| 999 |
_c107564 _d107564 |
||